| 000 | 00473nam a2200181Ia 4500 | ||
|---|---|---|---|
| 001 | 43354 | ||
| 008 | 140425s9999 xx 000 0 und d | ||
| 020 | _aNA | ||
| 040 | _cPK-LaUMT | ||
| 082 |
_aRHC 327 _bHAL-K |
||
| 100 | _aHalsell, Grace | ||
| 245 |
_aKhaufnaak saleebi jang (Urdu) _cHalsell, Grace |
||
| 260 |
_aKarachi,Pakistan: _bInternational Institute of Islamic Research, _c2001 |
||
| 300 | _a144 p. | ||
| 546 | _aUR | ||
| 650 | _aForeign affairs | ||
| 942 | _cBK | ||
| 999 |
_c41364 _d41364 |
||